「青」を「あお」と読まない駅 - Statistics

General Stats
  • This quiz has been taken 9 times
  • The average score is 6 of 8
Answer Stats
都県 駅名 読み % Correct
兵庫県 青木 おおぎ
100%
新潟県 青海 おうみ
88%
東京都 青梅 おうめ
88%
東京都 東青梅 ひがしおうめ
88%
新潟県 青海川 おうみがわ
75%
東京都 青梅街道 おうめかいどう
63%
青森県 青函トンネル記念館 せいかんとんねるきねんかん
25%
岐阜県 美濃青柳 みのやなぎ
25%
No matching quizzes found
Score Distribution
Percent of People with Each Score
Percentile by Number Answered
Your Score History
You have not taken this quiz